banner-ar

الاعصبة النفسية والذهانات العقلية : (Record no. 64465)

MARC details
000 -الفاتح
حقل البيانات ثابتة الطول 00646nam a2200181Ia 4500
005 - وقت وتاريخ اخر تعامل مع التسجيلة
رقم الضبط 20240530110733.0
008 - عناصر البيانات ثابتة الطول - معلومات عامة
حقل البيانات ثابتة الطول 140319s9999 xx 000 0 ara d
040 ## - مصدر الفهرسة
وكالة الفهرسة الأصلية GCL /
وكالة النسخ GCL
082 04 - رقم تصنيف ديوى العشرى
رقم التصنيف 152.8\
رقم المادة ع ا
100 1# - المدخل الرئيسى - إسم شخصى
الإسم الشخصى عبدالرحمن عيسوى
245 10 - بيان العنوان
العنوان الاعصبة النفسية والذهانات العقلية :
بقية العنوان بحث ميدانى فى الامراض النفسية والعقلية الشائعة /
بيان المسئوليه,etc عبدالرحمن عيسوى
300 ## - الوصف المادى
التعداد 340 ص
650 04 - المدخل الاضافى بالموضوع-مصطلح موضوعى
مصطلح موضوعي الامراض النفسية
650 04 - المدخل الاضافى بالموضوع-مصطلح موضوعى
مصطلح موضوعي الامراض العقلية
650 04 - المدخل الاضافى بالموضوع-مصطلح موضوعى
مصطلح موضوعي علم النفس , الطب
942 ## - عناصر المدخل الإضافي( كوها)
مصدر التصنيف او مخطط الترفيف Dewey Decimal Classification
Koha [default] item type كتاب
Holdings
حالة التراجع حالة الفقد مصدر التصنيف او خطة الترفيف حالة تلف ليس للاعارة المكان المؤقت الموقع الحالى موقع الترفيف تاريخ الاكتساب اجمالي اﻻعارات رقم الطلب الباركود تاريخ اخر مشاهدة تاريخ تفعيل السعر نوع وعاء كوها
    ddc     مكتبة القاهرة الكبرى مكتبة القاهرة الكبرى القاعة الرئيسية 05/16/2018   152.8\ ع ا 164779 05/16/2018 05/16/2018 كتاب
    ddc     مكتبة القاهرة الكبرى مكتبة القاهرة الكبرى القاعة الرئيسية 05/16/2018   152.8\ ع ا 164780 05/16/2018 05/16/2018 كتاب
    ddc     مكتبة القاهرة الكبرى مكتبة القاهرة الكبرى القاعة الرئيسية 05/16/2018   152.8\ ع ا 164781 05/16/2018 05/16/2018 كتاب

Powered By

EGPV